01231nam a2200277 a 4500003000900000005001700009008004100026020001800067040002800085082001800113100003200131245011100163260010400274300003900378504004100417650005600458650004200514650006400556700004100620700003900661700003100700942001200731949005900743999001700802952013400819CO-ViMGA20230915233144.0160903b xxu||||| |||| 00| 0 eng d a9789587752717 aCO-ViMGAbspacCO-ViMGA04a634.44 bM28m1 aMesa C, Nora Cristina9482300aPrograma de manejo fitosanitario en mango en el Departamento del Valle del Cauca / cNora Cristina Mesa C. aCali : bUniversidad Nacional de Colombia Sede Palmira Facultad de Ciencias Agropecuarias : c2014. a54 páginas : bil, foto ; 28 cm. aIncluye referencias bibliográficas14aMangosx Cultivoz Valle del Cauca (Colombia)9547214aMangosx Enfermedades y plagas.9547314aMangosx Enfermedades y plagasx Control biológico.954741 aGómez López, Eyder Daniel.954751 aHernández, Carlos Alberto.954771 aMena, Yuri Mercedes.95476 2ddccBK an bn c35985d35985 00102ddc40708002aMEVIECARbMEVIECARd2016-09-03g15870.00l0o634.44 M28mp30372r2016-09-03 00:00:00tEj. 1w2016-09-03yBK